Normal view
MARC view
- Godhwani R
Entry Personal Name
001 - CONTROL NUMBER
- control field: 116990
003 - CONTROL NUMBER IDENTIFIER
- control field: OSt
005 - DATE AND TIME OF LATEST TRANSACTION
- control field: 20230125045314.0
008 - FIXED-LENGTH DATA ELEMENTS
- fixed length control field: 230125|| aca||aabn | a|a d
040 ## - CATALOGING SOURCE
- Original cataloging agency: OSt
- Transcribing agency: OSt
100 ## - HEADING--PERSONAL NAME
- Personal name: Godhwani R
670 ## - SOURCE DATA FOUND
- Source citation: Work cat.: (OSt)94710: Godhwani R, What to Say and When to Shut up, 2014